Mathematics of Deep Learning /

Salvato in:
Dettagli Bibliografici
Autori principali: Berlyand, Leonid (Autore), Jabin, Pierre-Emmanuel (Autore)
Natura: Libro
Lingua:inglese
Pubblicazione: Berlin : Walter de Gruyter, 2023
Tags: Aggiungi Tag
Nessun Tag, puoi essere il primo ad aggiungerne!!

MARC

LEADER 00000nam a22000003a 4500
001 0109329
003 SK-STU
005 20240514090809.9
007 ta
008 240514s ----xo-----e------000-0-----d
020 |a 978-3-11-102431-8 
040 |a STU  |b slo 
041 0 |a eng 
044 |a gw 
100 1 |a Berlyand, Leonid  |4 aut  |r Z6 
245 1 0 |a Mathematics of Deep Learning /  |c aut. Leonid Berlyand, Pierre-Emmanuel Jabin 
260 |a Berlin :  |b Walter de Gruyter,  |c 2023 
300 |a 126 s. 
700 1 |a Jabin, Pierre-Emmanuel  |r Z6  |4 aut 
996 |b 284EK90580  |c E* 90580  |l EE35  |s P  |a 0  |w 0109329_0001